English idioms (Record no. 4375)

MARC details
000 -LEADER
fixed length control field 00456cam a2200181ua 4500
001 - CONTROL NUMBER
control field 5197
005 - DATE AND TIME OF LATEST TRANSACTION
control field 20260515113839.0
008 - FIXED-LENGTH DATA ELEMENTS--GENERAL INFORMATION
fixed length control field 120816n ii |||gr||||Z||||||eng
040 ## - CATALOGING SOURCE
Transcribing agency MAIN
082 ## - DEWEY DECIMAL CLASSIFICATION NUMBER
Classification number 418
100 ## - MAIN ENTRY--PERSONAL NAME
Personal name Mcmordie, W.,
Relator term Author,
245 11 - TITLE STATEMENT
Title English idioms
Statement of responsibility, etc. by W. Mcmordie
250 ## - EDITION STATEMENT
Edition statement 6th.
260 ## - PUBLICATION, DISTRIBUTION, ETC.
Place of publication, distribution, etc. Madras:
Name of publisher, distributor, etc. Oxford university press,
Date of publication, distribution, etc. 1966.
300 ## - PHYSICAL DESCRIPTION
Extent 350p:
Dimensions 15cm.
653 ## - INDEX TERM--UNCONTROLLED
Uncontrolled term Standard usage & applied linguistics
942 ## - ADDED ENTRY ELEMENTS (KOHA)
Koha item type Books
Holdings
Withdrawn status Lost status Damaged status Not for loan Home library Current library Shelving location Date acquired Total checkouts Full call number Barcode Date last seen Copy number Price effective from Koha item type
        Naharkatiya College Library Naharkatiya College Library General stacks 09/19/2020   418 | MCM 5543 09/19/2020 1 09/19/2020 Books